000 00868nam a2200265 i 4500
003 DO-SdBNP
005 20250526153949.0
007 ta
008 250526b2023 dr ||||| |||| 00| 0 spa d
020 _a9789945649260
040 _aDO-SdBNP
_bspa
_cBNPHU
_erda
082 4 _axxx
_bxxx
_222
100 _aReyes, Bileysi
_eautor
_4aut.
_987696
245 1 0 _aSelva de palabras cortadas /
_cBileysi Reyes ; prólogo, Mateo Morrison
264 4 _aMadrid :
_bCana Negra, s.l. ;
_bAmargord,
_c©2023.
300 _a82 páginas ;
_c21 cm.
336 _atexto
_btxt
_2rdacontent
337 _asin mediación
_bn
_2rdamedia
338 _avolumen
_bnc
_2rdacarrier
500 _aIncliuye datos biográficos del autor en la solapa de la cubierta
590 _aInventariado, 2025/BT
700 _aMorrison, Mateo,
_eprologuista
_4pr.
_979661
910 _aBtavárez
942 _2ddc
_cLBS1
999 _c58956
_d58956